[Event "Maresme op 16th"]
[Site "Maresme"]
[Date "2019.10.19"]
[Round "3"]
[White "Navarro Palomas, Mario"]
[Black "Franch Capdevila, Ramon"]
[Result "1/2-1/2"]
[WhiteElo "1811"]
[BlackElo "1918"]
[PlyCount "61"]
[EventDate "2019.09.29"]
[EventType "swiss"]
[EventRounds "8"]
[EventCountry "ESP"]
[SourceTitle "CBM 193 Extra"]
[Source "ChessBase"]
[SourceDate "2020.01.31"]
[SourceVersion "1"]
[SourceVersionDate "2020.01.31"]
[SourceQuality "1"]

1. e4 d5 2. exd5 Nf6 3. c4 c6 4. d4 cxd5 5. Nc3 e6 6. Nf3 Bb4 7. Bd3 dxc4 8. Bxc4 0-0 9. 0-0 Qc7 10. Qd3 a6 11. Bg5 Be7 12. Rac1 Nc6 13. a3 Qd8 14. Rfe1 h6 15. Bh4 Ne8 16. Bxe7 Nxe7 17. Ne4 Nd6 18. Ba2 Nd5 19. Bb1 Nxe4 20. Qxe4 Nf6 21. Qh4 Bd7 22. g4 Bc6 23. Rxc6 bxc6 24. g5 Qd5 25. gxf6 Qxf3 26. fxg7 Kxg7 27. Re3 Qd1+ 28. Kg2 Qxb1 29. Rg3+ Kh7 30. Qf6 Qe4+ 31. Kg1 1/2-1/2

[Event "Catalunya-ch Seniors"]
[Site "Santa Susanna"]
[Date "2019.05.21"]
[Round "4"]
[White "Franch Capdevila, Ramon"]
[Black "Ayllon Rodriguez, Joan Pedro"]
[Result "1/2-1/2"]
[WhiteElo "1915"]
[BlackElo "2087"]
[PlyCount "70"]
[EventDate "2019.05.18"]
[EventType "swiss"]
[EventRounds "9"]
[EventCountry "ESP"]
[SourceTitle "CBM 190 Extra"]
[Source "ChessBase"]
[SourceDate "2019.07.15"]
[SourceVersion "1"]
[SourceVersionDate "2019.07.15"]
[SourceQuality "1"]

1. e4 e5 2. f4 d6 3. Nf3 Nc6 4. c3 Be7 5. d4 exf4 6. Bxf4 Nf6 7. Nbd2 d5 8. e5 Ng8 9. Bd3 g5 10. Be3 Be6 11. Qc2 h5 12. Bf5 Bxf5 13. Qxf5 Nh6 14. Qd3 Ng4 15. h3 Nxe3 16. Qxe3 Rg8 17. g4 Qd7 18. Qg1 0-0-0 19. 0-0-0 Qe6 20. Qg3 Rdf8 21. Nf1 f5 22. exf6 Qxf6 23. N1d2 Bd6 24. Qg2 Bf4 25. Rde1 Qg6 26. Kd1 Na5 27. Ne5 Bxe5 28. Rxe5 c6 29. Qe2 Nc4 30. Nxc4 Qb1+ 31. Kd2 Qxh1 32. Nd6+ Kb8 33. Re7 Qf1 34. Rxb7+ Ka8 35. Rxa7+ Kb8 1/2-1/2

[Event "Barcelona Seniors 55 op 6th"]
[Site "Barcelona"]
[Date "2019.05.06"]
[Round "8.8"]
[White "Franch Capdevila, Ramon"]
[Black "Freixas Bosch, Josep"]
[Result "1-0"]
[WhiteElo "1945"]
[BlackElo "1851"]
[PlyCount "47"]
[EventDate "2019.03.04"]
[EventType "swiss"]
[EventRounds "9"]
[EventCountry "ESP"]
[SourceTitle "EXT 2024"]
[Source "ChessBase"]
[SourceDate "2023.10.10"]
[SourceVersion "1"]
[SourceVersionDate "2023.10.10"]
[SourceQuality "1"]

1. e4 e5 2. f4 d5 3. Nf3 exf4 4. exd5 Nf6 5. c4 c6 6. dxc6 Nxc6 7. d4 Bb4+ 8. Nc3 Ne4 9. Bd2 Nxd2 10. Qxd2 0-0 11. Be2 Re8 12. 0-0 Bg4 13. Qxf4 Bxf3 14. Bxf3 Qxd4+ 15. Qxd4 Nxd4 16. Bxb7 Rab8 17. Bd5 Ne6 18. Ne4 Re7 19. a3 Nc7 20. Bxf7+ Rxf7 21. Rxf7 Kxf7 22. axb4 Rxb4 23. Rxa7 Rxc4 24. Nd6+ 1-0

[Event "Maresme op 15th"]
[Site "Maresme"]
[Date "2018.10.06"]
[Round "2"]
[White "Sanchez Parare, Loresmar Karin"]
[Black "Franch Capdevila, Ramon"]
[Result "0-1"]
[WhiteElo "1517"]
[BlackElo "1968"]
[PlyCount "86"]
[EventDate "2018.09.29"]
[EventType "swiss"]
[EventRounds "9"]
[EventCountry "ESP"]
[SourceTitle "EXT 2020"]
[Source "ChessBase"]
[SourceDate "2019.10.17"]
[SourceVersion "1"]
[SourceVersionDate "2019.10.17"]
[SourceQuality "1"]

1. Nf3 b6 2. c4 Bb7 3. e3 c5 4. Nc3 g6 5. b3 Bg7 6. Bb2 Nf6 7. Be2 Ne4 8. Qc2 0-0 9. 0-0 Na6 10. a3 Nc7 11. d4 Nxc3 12. Bxc3 cxd4 13. exd4 d5 14. Rfd1 Rc8 15. Qd2 Ne8 16. Rac1 dxc4 17. bxc4 Nd6 18. Bb2 Bxf3 19. gxf3 Nf5 20. Qd3 e6 21. f4 Qh4 22. Qe4 Bh6 23. Qg2 Qxf4 24. Rc2 Bg7 25. Qg4 Qxg4+ 26. Bxg4 Nd6 27. c5 f5 28. Bf3 Rfd8 29. c6 Nb5 30. Rc4 Nc7 31. a4 Kf7 32. Rd2 e5 33. d5 e4 34. d6 exf3 35. Bxg7 Kxg7 36. d7 Rb8 37. h3 Kf7 38. Rc3 b5 39. axb5 Rxb5 40. Re3 Rc5 41. Rd6 Rd5 42. Rxd5 Nxd5 43. Re8 Rxe8 0-1

[Event "Catalunya-ch Seniors 34th"]
[Site "Lloret del Mar"]
[Date "2018.05.20"]
[Round "2"]
[White "Rodon Balcells, Jaume"]
[Black "Franch Capdevila, Ramon"]
[Result "1-0"]
[WhiteElo "1805"]
[BlackElo "2029"]
[PlyCount "81"]
[EventDate "2018.05.19"]
[EventType "swiss"]
[EventRounds "9"]
[EventCountry "ESP"]
[SourceTitle "CBM 184 Extra"]
[Source "ChessBase"]
[SourceDate "2018.06.28"]
[SourceVersion "1"]
[SourceVersionDate "2018.06.28"]
[SourceQuality "1"]

1. e4 d5 2. exd5 Nf6 3. d4 Nxd5 4. c4 Nb6 5. Nf3 g6 6. c5 Nd5 7. Bc4 Bg7 8. Nc3 Nxc3 9. bxc3 0-0 10. 0-0 Bg4 11. h3 Bxf3 12. Qxf3 c6 13. Re1 Nd7 14. Rb1 e5 15. Rxb7 exd4 16. cxd4 Nf6 17. Ree7 Qxd4 18. Bxf7+ Kh8 19. Bb2 Qxb2 20. Rxb2 Nd5 21. Rbb7 Nxe7 22. Rxe7 Rab8 23. Qxc6 Rb1+ 24. Kh2 Rb2 25. Re8 Rxf2 26. Rxf8+ Bxf8 27. Bc4 Rf5 28. Qe6 Kg7 29. c6 Rf6 30. Qd7+ Kh6 31. c7 Bd6+ 32. Qxd6 Rxd6 33. c8Q Rd4 34. Bg8 a5 35. Qc7 a4 36. Qxh7+ Kg5 37. Qe7+ Kf4 38. Qf6+ Ke4 39. Qxg6+ Ke3 40. Qb6 Kd3 41. Qxd4+ 1-0

[Event "Barcelona Vila de Gracia Seniors 55+ op"]
[Site "Barcelona"]
[Date "2018.04.16"]
[Round "5"]
[White "Turon Mora, Joan"]
[Black "Franch Capdevila, Ramon"]
[Result "0-1"]
[WhiteElo "1822"]
[BlackElo "2020"]
[PlyCount "104"]
[EventDate "2018.03.05"]
[EventType "swiss"]
[EventRounds "9"]
[EventCountry "ESP"]
[SourceTitle "EXT 2019"]
[Source "ChessBase"]
[SourceDate "2018.10.10"]
[SourceVersion "1"]
[SourceVersionDate "2018.10.10"]
[SourceQuality "1"]

1. d4 Nf6 2. Nf3 d5 3. c4 c6 4. Nc3 e6 5. cxd5 cxd5 6. Bg5 Be7 7. e3 0-0 8. Bd3 Nc6 9. Rc1 Qb6 10. Qe2 Nb4 11. Bb1 Qa6 12. Qxa6 Nxa6 13. Ne5 h6 14. Bh4 g5 15. Bg3 Nh5 16. f4 gxf4 17. exf4 Bd6 18. Ne2 f6 19. Nd3 Bd7 20. Bf2 Bb5 21. Be3 Nb4 22. Nxb4 Bxb4+ 23. Kf2 f5 24. a3 Bd6 25. g3 Nf6 26. h3 Kf7 27. Nc3 Bc6 28. Rhg1 h5 29. Bd3 a6 30. Be2 Rg8 31. Bf3 Rg7 32. Rg2 Rh8 33. Rcg1 Rhg8 34. Be2 Be7 35. Bf3 b5 36. Rc1 a5 37. Na2 Bd7 38. Bd2 Bd6 39. Bxa5 h4 40. gxh4 Rxg2+ 41. Bxg2 Bxf4 42. Rc3 Bd2 43. Bc7 Bxc3 44. Nxc3 Rh8 45. Bg3 Kg6 46. Ke3 Ne4 47. Bxe4 fxe4 48. Ne2 Kf5 49. Be1 Be8 50. Ng3+ Kf6 51. Kf4 Bg6 52. Bb4 Rxh4+ 0-1

[Event "Barcelona Vila de Gracia Seniors 55+ op"]
[Site "Barcelona"]
[Date "2018.03.19"]
[Round "3"]
[White "Franch Capdevila, Ramon"]
[Black "Monedero Gonzalez, Josep"]
[Result "1/2-1/2"]
[WhiteElo "2020"]
[BlackElo "1916"]
[PlyCount "37"]
[EventDate "2018.03.05"]
[EventType "swiss"]
[EventRounds "9"]
[EventCountry "ESP"]
[SourceTitle "EXT 2019"]
[Source "ChessBase"]
[SourceDate "2018.10.10"]
[SourceVersion "1"]
[SourceVersionDate "2018.10.10"]
[SourceQuality "1"]

1. e4 e6 2. d4 d5 3. exd5 exd5 4. c4 Nf6 5. Nc3 Be7 6. Nf3 c6 7. Bd3 dxc4 8. Bxc4 0-0 9. 0-0 Nd5 10. Nxd5 cxd5 11. Bd3 Nc6 12. a3 Bg4 13. Be3 Bf6 14. Be2 Qb6 15. Qd2 Bxf3 16. Bxf3 Nxd4 17. Bxd4 Qxd4 18. Qxd4 Bxd4 19. Bxd5 1/2-1/2

[Event "Barcelona Vila Gracia Seniors 55 op 4th"]
[Site "Barcelona"]
[Date "2017.04.24"]
[Round "7.4"]
[White "Mas Recorda, Pere"]
[Black "Franch Capdevila, Ramon"]
[Result "0-1"]
[WhiteElo "1939"]
[BlackElo "2012"]
[PlyCount "64"]
[EventDate "2017.03.06"]
[EventType "swiss"]
[EventRounds "9"]
[EventCountry "ESP"]
[SourceTitle "EXT 2024"]
[Source "ChessBase"]
[SourceDate "2023.10.10"]
[SourceVersion "1"]
[SourceVersionDate "2023.10.10"]
[SourceQuality "1"]

1. d4 Nf6 2. c4 e5 3. dxe5 Ne4 4. a3 b6 5. Nd2 Bb7 6. Ngf3 Bc5 7. Nxe4 Bxe4 8. b4 Be7 9. Bb2 a5 10. b5 0-0 11. e3 c6 12. Bd3 Bxd3 13. Qxd3 d5 14. 0-0 dxc4 15. Qxc4 cxb5 16. Qxb5 Na6 17. Rfd1 Qc7 18. e6 Nc5 19. Be5 Qb7 20. Rab1 fxe6 21. Qxb6 Qe4 22. Bg3 Na4 23. Rd4 Nxb6 24. Rxe4 Nd5 25. Rxe6 Bxa3 26. Rb7 Rf7 27. Rxf7 Kxf7 28. Rc6 a4 29. Ne5+ Kf8 30. Nc4 Be7 31. e4 a3 32. Be5 a2 0-1

[Event "Maresme-ch 7th"]
[Site "Mataro"]
[Date "2015.10.10"]
[Round "2"]
[White "Franch Capdevila, Ramon"]
[Black "Franch Guiral, Ramon"]
[Result "1/2-1/2"]
[WhiteElo "2122"]
[BlackElo "2150"]
[PlyCount "20"]
[EventDate "2015.10.03"]
[EventType "swiss"]
[EventRounds "9"]
[EventCountry "ESP"]
[SourceTitle "CBM 170 Extra"]
[Source "ChessBase"]
[SourceDate "2016.02.25"]
[SourceVersion "1"]
[SourceVersionDate "2016.02.25"]
[SourceQuality "1"]

1. e4 d6 2. d4 Nf6 3. Bd3 g6 4. f4 Bg7 5. Nf3 0-0 6. 0-0 e5 7. c3 Bg4 8. h3 Bxf3 9. Qxf3 exd4 10. cxd4 Nc6 1/2-1/2

[Event "Maresme-ch 7th"]
[Site "Mataro"]
[Date "2015.10.03"]
[Round "1"]
[White "Ruiz Molina, Gabriel"]
[Black "Franch Capdevila, Ramon"]
[Result "0-1"]
[WhiteElo "2145"]
[BlackElo "2122"]
[PlyCount "100"]
[EventDate "2015.10.03"]
[EventType "swiss"]
[EventRounds "9"]
[EventCountry "ESP"]
[SourceTitle "CBM 170 Extra"]
[Source "ChessBase"]
[SourceDate "2016.02.25"]
[SourceVersion "1"]
[SourceVersionDate "2016.02.25"]
[SourceQuality "1"]

1. d4 Nf6 2. c4 e5 3. dxe5 Ne4 4. a3 b6 5. Nf3 Bb7 6. e3 g5 7. e6 dxe6 8. Qxd8+ Kxd8 9. Bd3 Nc5 10. Bc2 Bxf3 11. gxf3 Nbd7 12. Nd2 Bg7 13. Rg1 Bf6 14. Rb1 Ke7 15. b4 Nb7 16. Ke2 Rad8 17. Ne4 Nd6 18. Nxf6 Nxf6 19. Bb3 h6 20. Bb2 c5 21. Rbd1 Nb7 22. Be5 Rhg8 23. Ba4 cxb4 24. axb4 a5 25. Bc6 Nd6 26. c5 Nc4 27. Bc7 Rxd1 28. Rxd1 bxc5 29. bxc5 Rc8 30. Bd6+ Nxd6 31. Rxd6 a4 32. Bxa4 Rxc5 33. Ra6 Nd5 34. Ra7+ Kf6 35. Kd3 Rc1 36. Be8 Nc7 37. Ba4 h5 38. Ke2 h4 39. Bd1 Nb5 40. Rd7 Nc3+ 41. Ke1 Ke5 42. f4+ gxf4 43. exf4+ Ke4 44. f5 Rxd1+ 45. Rxd1 Nxd1 46. fxe6 fxe6 47. Kxd1 Kf3 48. Ke1 Kg2 49. Ke2 Kxh2 50. Kf3 h3 0-1

[Event "Catalunya-ch Seniors qual"]
[Site "Llinars del Valles"]
[Date "2010.04.14"]
[Round "5.3"]
[White "Franch Capdevila, Ramon"]
[Black "Navines Monfa, Josep"]
[Result "1/2-1/2"]
[WhiteElo "2009"]
[BlackElo "1864"]
[PlyCount "85"]
[EventDate "2010.03.10"]
[EventType "tourn"]
[EventRounds "5"]
[EventCountry "ESP"]
[SourceTitle "EXT 2024"]
[Source "ChessBase"]
[SourceDate "2023.10.10"]
[SourceVersion "1"]
[SourceVersionDate "2023.10.10"]
[SourceQuality "1"]

1. e4 e5 2. f4 d6 3. Nf3 Bg4 4. Be2 Be7 5. d4 Bxf3 6. Bxf3 Nd7 7. c3 exf4 8. Bxf4 Bg5 9. Bxg5 Qxg5 10. Qd2 Qxd2+ 11. Nxd2 Ne7 12. 0-0 0-0 13. Rae1 Ng6 14. Nc4 Nh4 15. e5 Nxf3+ 16. Rxf3 dxe5 17. Nxe5 Rfe8 18. Rfe3 Nxe5 19. Rxe5 Kf8 20. Kf2 Rxe5 21. Rxe5 Re8 22. Ra5 a6 23. b4 Re6 24. Re5 Re7 25. a4 Ke8 26. Kf3 b6 27. Rd5 Re1 28. a5 Rc1 29. axb6 Rxc3+ 30. Ke4 cxb6 31. Rd6 a5 32. Rxb6 axb4 33. Rxb4 Rc2 34. Kf3 Ke7 35. h4 Rd2 36. g4 h6 37. Rb7+ Ke6 38. Ke4 Re2+ 39. Kf4 Rf2+ 40. Kg3 Rd2 41. Rb6+ Ke7 42. Rb7+ Ke6 43. Rb6+ 1/2-1/2

[Event "Mataro-D"]
[Site "Mataro"]
[Date "2004.12.27"]
[Round "2"]
[White "Costa Jutglar, Marc"]
[Black "Franch Capdevila, Ramon"]
[Result "1/2-1/2"]
[WhiteElo "1830"]
[BlackElo "2070"]
[PlyCount "37"]
[EventDate "2004.12.??"]
[EventType "schev"]
[EventRounds "4"]
[EventCountry "ESP"]
[SourceTitle "EXT 2006"]
[Source "ChessBase"]
[SourceDate "2005.11.24"]
[SourceVersion "1"]
[SourceVersionDate "2005.11.24"]
[SourceQuality "1"]

1. d4 e6 2. c4 b6 3. Nc3 Bb7 4. e4 Bb4 5. Qd3 Qh4 6. e5 Ne7 7. a3 Bxc3+ 8. bxc3 0-0 9. Nf3 Qe4+ 10. Qxe4 Bxe4 11. Be2 h6 12. 0-0 a5 13. Nd2 Bh7 14. f4 Nbc6 15. g4 d5 16. cxd5 Nxd5 17. c4 Nde7 18. Bb2 Rad8 19. Nf3 1/2-1/2

[Event "Mataro op"]
[Site "Mataro"]
[Date "1996.08.19"]
[Round "8"]
[White "Franch Capdevila, Ramon"]
[Black "Cabot Muntane, Jordi"]
[Result "1/2-1/2"]
[WhiteElo "2150"]
[BlackElo "2270"]
[PlyCount "81"]
[EventDate "1996.08.??"]
[EventType "swiss"]
[EventRounds "9"]
[EventCountry "ESP"]
[SourceTitle "EXT 2001"]
[Source "ChessBase"]
[SourceDate "2000.11.22"]
[SourceVersion "1"]
[SourceVersionDate "2000.11.22"]
[SourceQuality "1"]

1. e4 c5 2. Bc4 e6 3. Nf3 a6 4. a4 Nc6 5. 0-0 d5 6. exd5 exd5 7. Ba2 Nf6 8. d4 c4 9. b3 b5 10. bxc4 bxc4 11. c3 Be7 12. Ba3 0-0 13. Re1 Bxa3 14. Nxa3 Bg4 15. h3 Bh5 16. g4 Bg6 17. Bb1 Bxb1 18. Nxb1 Ne4 19. Re3 f5 20. gxf5 Rxf5 21. Nbd2 Qf6 22. Nxe4 dxe4 23. Nd2 Rxf2 24. Nxe4 Qf4 25. Rg3 Rf8 26. Qg4 Qxg4 27. Rxg4 R2f3 28. Kh2 Rb8 29. Ra2 Ne7 30. Rag2 g6 31. R4g3 Rf1 32. Nd6 Ra1 33. Re2 Nd5 34. Nxc4 Rbb1 35. Rf3 Rxa4 36. Re5 Rxc4 37. Rxd5 Rc8 38. Rc5 Rxc5 39. dxc5 Rd1 40. Rf6 Rd5 41. Rc6 1/2-1/2

[Event "Mataro op"]
[Site "Mataro"]
[Date "1996.08.18"]
[Round "7"]
[White "Ridameya Tatche, Jose Miguel"]
[Black "Franch Capdevila, Ramon"]
[Result "1/2-1/2"]
[WhiteElo "2210"]
[BlackElo "2150"]
[PlyCount "166"]
[EventDate "1996.08.??"]
[EventType "swiss"]
[EventRounds "9"]
[EventCountry "ESP"]
[SourceTitle "EXT 2001"]
[Source "ChessBase"]
[SourceDate "2000.11.22"]
[SourceVersion "1"]
[SourceVersionDate "2000.11.22"]
[SourceQuality "1"]

1. d4 Nf6 2. Nf3 g6 3. c4 Bg7 4. Nc3 0-0 5. g3 b6 6. Bg2 Bb7 7. 0-0 d6 8. Qc2 Nbd7 9. Rd1 c5 10. d5 a6 11. a4 Ne8 12. Bf4 Nc7 13. Qd2 Re8 14. Bh6 Bh8 15. Bg5 b5 16. cxb5 axb5 17. axb5 Bxc3 18. bxc3 Nxb5 19. Rab1 Ba6 20. Ra1 Nc7 21. e4 Bc4 22. Qf4 Be2 23. Rdb1 Qb8 24. Qd2 Bxf3 25. Bxf3 Ne5 26. Be2 Rxa1 27. Rxa1 Qb3 28. Bf4 Nc4 29. Qa2 Qxa2 30. Rxa2 Nb6 31. Ra7 Nba8 32. c4 Rb8 33. Bg4 f6 34. Bd7 g5 35. Bd2 Ne8 36. Ba5 Kf7 37. Bb5 Nb6 38. Ra6 Na8 39. Ra7 Nb6 40. Kg2 Nc8 41. Ra6 Kf8 42. Bc6 Kf7 43. Bd7 Ng7 44. g4 h5 45. h3 hxg4 46. hxg4 Kg6 47. Bc6 Kf7 48. Ra8 Rxa8 49. Bxa8 e5 50. Bb7 Ne7 51. Bc7 Ne8 52. Bb8 Kf8 53. Ba6 Kf7 54. Bb5 Nc8 55. Bd7 Nb6 56. Bxe8+ Kxe8 57. Bxd6 Nxc4 58. Bxc5 Nd2 59. f3 Kf7 60. Kf2 Nb3 61. Bb6 Nd2 62. Ke2 Nc4 63. Bc7 Na3 64. Kd3 Nb5 65. Bb6 Nd6 66. Bc5 Nb7 67. Bb4 Ke8 68. Kc4 Kd7 69. Bc5 Nd8 70. Kb5 Nf7 71. Bf8 Ke8 72. Bb4 Kd7 73. Kb6 Nh8 74. Bf8 Ng6 75. Bg7 Nh4 76. Bxf6 Nxf3 77. Kc5 Nd2 78. Bxe5 Nxe4+ 79. Kd4 Nf2 80. Bf6 Nxg4 81. Bxg5 Nh2 82. Bf4 Ng4 83. Bg5 Nh2 1/2-1/2